| 000 | 00345cam a22001217a 4500 | ||
|---|---|---|---|
| 008 | 180718b1971 xxu||||| |||| 00| 0 eng d | ||
| 082 | _aU2x54 In2 | ||
| 100 | _aGoyal, S.K. | ||
| 245 |
_aIndustrial regulation _cby S.K. Goyal |
||
| 260 |
_aDelhi _bIndian Institute of Public Administration _c1971 |
||
| 300 | _a50p. | ||
| 650 | _aInustrial regulation | ||
| 999 |
_c501012 _d501012 |
||